000 00436 a2200121 4500
001 ART_8567
005 20260410161844.0
008 260409a
245 1 0 _aMarco de referencia para un programa de investigación en temas de ciencia y tecnología en la América Latina
100 1 _aCibotti, Ricardo
700 1 _aKatz, Jorge M.
773 0 _tEl trimestre económico
_g- Vol. XLV, Nº 177 (ene./mar. 1978)
_wREV6933
999 _c24380
_d24380